Employees´work motivation and its influence upon their performance in an organization diplomová práca

Na minha lista:
Detalhes bibliográficos
Autor principal: Bodnárová, Martina
Autor Corporativo: Ekonomická univerzita v Bratislave. Ústav medzinárodných programov
Outros Autores: Blštáková, Jana, 1980-
Formato: Livro
Idioma:inglês
Publicado em: Bratislava 2011
Tags: Adicionar Tag
Sem tags, seja o primeiro a adicionar uma tag!

MARC

LEADER 00000nam a2200000 4500
001 0149727
005 20240318114253.2
041 0 |a eng 
044 |a SK 
245 1 0 |a Employees´work motivation and its influence upon their performance in an organization  |b diplomová práca  |c Martina Bodnárová ; školiteľ: Jana Blštáková 
264 1 |a Bratislava  |c 2011 
300 |a 81 s. 
100 1 |a Bodnárová, Martina 
700 1 |a Blštáková, Jana, 1980- 
710 2 |a Ekonomická univerzita v Bratislave. Ústav medzinárodných programov